00576 2200205 4500001002100000005001700021008004100038035002500079040001200104082001400116084001900130100001200149245005800161250001100219260004600230300003900276650002500315850001200340990001800352INLIS00000000000637020150909105437.0  a0010-061500000000491 aYOPDYOG 223a959.8 aRQ 959.8 Suk D aSUKARNO aDibawah bendera revolusib: Djilid pertamac/ Sukarno aCet. 2 a[Jakarta]bDibawah Bendera Revolusic1963 aiii, 627 hlm.b: ilus.c; 26,8 cm. aIndonesia -- Sejarah aYOPDYOG a18814-PD/B.15